[Event "Grand Prix Romania 1st Stage 2024"]
[Site "Bucuresti"]
[Date "2024.03.24"]
[Round "10.24"]
[White "Sofronie, Iulian"]
[Black "Negrean, Andrei"]
[Result "1-0"]
[WhiteElo "2395"]
[BlackElo "2169"]
[Annotator "TA"]
[PlyCount "79"]
[EventDate "2024.03.20"]
[EventType "swiss"]
[EventCountry "ROU"]
[SourceTitle "playchess.com"]
[Source "ChessBase"]
[SourceQuality "1"]

1. d4 Nf6 2. Bf4 d5 3. e3 c5 4. c3 Nc6 5. Nd2 e6 6. Ngf3 Bd6 7. Bg3 O-O 8. Bd3 b6 9. Ne5 Bb7 10. f4 Ne7 11. Qb1 g6 12. Bf2 Nf5 13. g4 Ng7 14. Rg1 cxd4 15. exd4 Nd7 16. Bb5 Nxe5 17. fxe5 Be7 18. Qd3 a6 19. Ba4 b5 20. Bc2 b4 21. cxb4 Bxb4 22. O-O-O a5 23. Kb1 Ba6 24. Qe3 Be7 25. Nf3 Rb8 26. Rg3 Qb6 27. b3 f5 28. exf6 Bxf6 29. Qh6 Ne8 30. Rh3 Rf7 31. g5 Bh8 32. Bxg6 Rbb7 33. Bxf7+ Rxf7 34. g6 Rg7 35. gxh7+ Kf8 36. Ne5 Ke7 37. Rc3 Kd8 38. Bh4+ Re7 39. Qf8 Qb4 40. Nc6+ 1-0

[Event "Grand Prix Romania 1st Stage 2024"]
[Site "Bucuresti"]
[Date "2024.03.24"]
[Round "10.25"]
[White "Padurean, Daniel-Cristian"]
[Black "Stoyanov, Tsvetan"]
[Result "0-1"]
[WhiteElo "2115"]
[BlackElo "2465"]
[Annotator "TA"]
[PlyCount "86"]
[EventDate "2024.03.20"]
[EventType "swiss"]
[EventCountry "ROU"]
[SourceTitle "playchess.com"]
[Source "ChessBase"]
[SourceQuality "1"]

1. e4 c5 2. c3 d5 3. exd5 Qxd5 4. d4 Nf6 5. Nf3 e6 6. Na3 Nc6 7. Be3 cxd4 8. Nb5 Qd8 9. Nbxd4 Nd5 10. Bg5 Qb6 11. Qb3 Bc5 12. Qxb6 Bxb6 13. O-O-O f6 14. Bh4 e5 15. Nb5 Be6 16. c4 Nc7 17. Nd6+ Ke7 18. Nxb7 Rab8 19. Nd6 Nd4 20. Ne4 Nxf3 21. gxf3 Rhc8 22. Kb1 Na6 23. b3 Nc5 24. Nc3 Ba5 25. Nd5+ Kf7 26. Ne3 Na4 27. Kc2 Nc3 28. Ra1 Nb5 29. Bg2 Na3+ 30. Kd3 Rd8+ 31. Ke2 Rd2+ 32. Kf1 Bc3 33. Rc1 Bd4 34. Bg3 Rxa2 35. f4 Rxb3 36. fxe5 fxe5 37. Nd5 Nxc4 38. Nc7 Nd2+ 39. Kg1 Rb1 40. Rxb1 Nxb1 41. Nb5 Nc3 42. Nd6+ Ke7 43. Ne4 Ra1+ 0-1

[Event "Grand Prix Romania 1st Stage 2024"]
[Site "Bucuresti"]
[Date "2024.03.24"]
[Round "10.26"]
[White "Vedmediuc, Serghei"]
[Black "Sachilaru, Alexandru"]
[Result "1-0"]
[WhiteElo "2452"]
[BlackElo "2203"]
[Annotator "TA"]
[PlyCount "131"]
[EventDate "2024.03.20"]
[EventType "swiss"]
[EventCountry "ROU"]
[SourceTitle "playchess.com"]
[Source "ChessBase"]
[SourceQuality "1"]

1. e4 c5 2. Nf3 d6 3. Bb5+ Nc6 4. O-O Bd7 5. Re1 Nf6 6. c3 a6 7. Bf1 Bg4 8. h3 Bxf3 9. Qxf3 g6 10. Qd1 Bg7 11. d3 O-O 12. Be3 Rc8 13. Nd2 b5 14. a3 Nd7 15. Nf3 e6 16. d4 cxd4 17. cxd4 Nb6 18. b3 d5 19. e5 Qd7 20. a4 Nb4 21. axb5 axb5 22. Ra5 Nc2 23. Re2 Nxe3 24. Rxe3 b4 25. Rb5 Rb8 26. Rxb4 Rfc8 27. Rb5 Bh6 28. Re1 Na8 29. Qd3 Rxb5 30. Qxb5 Qxb5 31. Bxb5 Rb8 32. Ba4 Nb6 33. Ra1 Ra8 34. Kf1 Kf8 35. Ke2 Ke7 36. Kd3 Kd8 37. Ne1 Ke7 38. Nc2 Kd8 39. Bb5 Rxa1 40. Nxa1 Bf8 41. Nc2 Be7 42. Bc6 Bf8 43. h4 Be7 44. g3 f6 45. f4 f5 46. Kc3 h6 47. Ne1 g5 48. fxg5 hxg5 49. h5 Bf8 50. Nd3 Bh6 51. Nc5 Ke7 52. Bb5 g4 53. b4 Be3 54. Kd3 Bg5 55. Ke2 Bh6 56. Na4 Nxa4 57. Bxa4 Kd8 58. Bc6 f4 59. gxf4 Bxf4 60. b5 Kc7 61. Be8 Kb6 62. Bd7 g3 63. Bxe6 Kxb5 64. Bxd5 Kb6 65. Bg2 Kc7 66. Kd3 1-0

[Event "Grand Prix Romania 1st Stage 2024"]
[Site "Bucuresti"]
[Date "2024.03.24"]
[Round "10.27"]
[White "Ciocani, Iosif"]
[Black "Shuvalova, Polina"]
[Result "0-1"]
[WhiteElo "2177"]
[BlackElo "2455"]
[Annotator "TA"]
[PlyCount "80"]
[EventDate "2024.03.20"]
[EventType "swiss"]
[EventCountry "ROU"]
[SourceTitle "playchess.com"]
[Source "ChessBase"]
[SourceQuality "1"]

1. e4 c5 2. Nf3 d6 3. d4 cxd4 4. Nxd4 Nf6 5. Nc3 a6 6. Be3 e5 7. Nb3 Be7 8. f3 Be6 9. Qd2 Nbd7 10. O-O-O O-O 11. g4 b5 12. g5 Nh5 13. Kb1 Nb6 14. Nd5 Nxd5 15. exd5 Bd7 16. Na5 Rc8 17. h4 Ng3 18. Rg1 Nxf1 19. Rdxf1 Qc7 20. f4 b4 21. Nb3 Bf5 22. Rf2 Qd7 23. Qxb4 Rb8 24. Qa3 Rb5 25. Rd1 exf4 26. Rxf4 Rc8 27. Rd2 a5 28. Qa4 Bg6 29. Nd4 Rxb2+ 30. Kxb2 Qxa4 31. Nc6 Qb5+ 32. Rb4 axb4 33. Nxe7+ Kf8 34. Nxc8 Qc4 35. Nxd6 Qc3+ 36. Kb1 Qxe3 37. Nc4 Qg1+ 38. Kb2 Qc5 39. Kb3 Be4 40. d6 Bd5 0-1

[Event "Grand Prix Romania 1st Stage 2024"]
[Site "Bucuresti"]
[Date "2024.03.24"]
[Round "10.28"]
[White "Banzea, Alexandru-Bogdan"]
[Black "Tudor, Henry Edward"]
[Result "1-0"]
[WhiteElo "2394"]
[BlackElo "2262"]
[Annotator "RC"]
[PlyCount "83"]
[EventDate "2024.03.20"]
[EventType "swiss"]
[EventCountry "ROU"]
[SourceTitle "playchess.com"]
[Source "ChessBase"]
[SourceQuality "1"]

1. d4 Nf6 2. Nc3 d5 3. Bf4 c5 4. e3 cxd4 5. exd4 a6 6. Bd3 Nc6 7. Nge2 Bg4 8. f3 Bh5 9. g4 Bg6 10. h4 Nb4 11. Bxg6 hxg6 12. a3 Nc6 13. Qd3 e6 14. O-O-O Bd6 15. h5 gxh5 16. g5 Ng8 17. g6 Nge7 18. gxf7+ Kxf7 19. Rdg1 Qc7 20. Qd2 g6 21. Bxd6 Qxd6 22. Nf4 Rag8 23. Re1 Nd8 24. Nh3 Nf5 25. Ne2 Ng3 26. Nxg3 Qxg3 27. f4 Ke7 28. Reg1 Qf3 29. Ng5 Qxh1 30. Rxh1 Nf7 31. Qb4+ Kf6 32. Nxf7 Kxf7 33. Qxb7+ Kf6 34. Qc7 Rc8 35. Qe5+ Kf7 36. Rg1 h4 37. f5 exf5 38. Qxd5+ Kg7 39. Qe6 Rh6 40. Qxc8 h3 41. Qxf5 h2 42. Qe5+ 1-0

[Event "Grand Prix Romania 1st Stage 2024"]
[Site "Bucuresti"]
[Date "2024.03.24"]
[Round "10.29"]
[White "Zubcu, Vlad-George"]
[Black "Filip, Lucian-Ioan"]
[Result "1-0"]
[WhiteElo "2181"]
[BlackElo "2359"]
[Annotator "RC"]
[PlyCount "104"]
[EventDate "2024.03.20"]
[EventType "swiss"]
[EventCountry "ROU"]
[SourceTitle "playchess.com"]
[Source "ChessBase"]
[SourceQuality "1"]

1. e4 c5 2. Nc3 e6 3. d4 cxd4 4. Qxd4 Nc6 5. Qe3 Nf6 6. Bd2 d5 7. exd5 Nxd5 8. Nxd5 Qxd5 9. Bd3 Bc5 10. Qf3 Qxf3 11. Nxf3 Nb4 12. Bb5+ Bd7 13. Bxd7+ Kxd7 14. O-O-O Ke7 15. a3 Nc6 16. Rhf1 f6 17. Bc3 Rhd8 18. Nd2 Nd4 19. Rde1 Nb5 20. Ne4 b6 21. Nxc5 bxc5 22. Bd2 a6 23. Re4 Rd4 24. Rfe1 Rxe4 25. Rxe4 e5 26. Rh4 h6 27. Rg4 g5 28. Rc4 Kd6 29. Be3 Rc8 30. b4 Kd5 31. Rxc5+ Rxc5 32. Bxc5 Nxa3 33. Kb2 Nc4+ 34. Kc3 a5 35. Bf8 axb4+ 36. Kxb4 h5 37. Be7 Nd2 38. Bxf6 Ne4 39. Bd8 g4 40. c4+ Kc6 41. Bh4 Kb6 42. Bg3 Kc6 43. Bxe5 Nxf2 44. Kc3 h4 45. Bd4 Ne4+ 46. Kd3 Nd6 47. Be5 Nf7 48. Bf4 h3 49. g3 Kd7 50. Ke4 Ke6 51. c5 Nd8 52. Bc7 Nc6 1-0

[Event "Grand Prix Romania 1st Stage 2024"]
[Site "Bucuresti"]
[Date "2024.03.24"]
[Round "10.30"]
[White "Toma, Radu-Cristian"]
[Black "Baranciuc, Alexandr"]
[Result "1-0"]
[WhiteElo "2386"]
[BlackElo "2336"]
[Annotator "RC"]
[PlyCount "73"]
[EventDate "2024.03.20"]
[EventType "swiss"]
[EventCountry "ROU"]
[SourceTitle "playchess.com"]
[Source "ChessBase"]
[SourceQuality "1"]

1. d4 d5 2. c4 e6 3. Nf3 Nf6 4. e3 Nbd7 5. Bd3 Be7 6. O-O O-O 7. Nbd2 b6 8. b3 Bb7 9. Qe2 c5 10. Bb2 Qc7 11. Rac1 Rac8 12. cxd5 Nxd5 13. Ne4 Nb4 14. dxc5 Nxd3 15. Qxd3 Nxc5 16. Nxc5 bxc5 17. Be5 Qb6 18. Qc3 f6 19. Bg3 Rfd8 20. Rfd1 Rd5 21. Rxd5 exd5 22. h4 a5 23. h5 Ra8 24. Ne1 a4 25. Nd3 axb3 26. axb3 Rc8 27. Nb2 Qc6 28. f3 Qe6 29. Bf2 h6 30. Qa5 Ra8 31. Qc7 Bd6 32. Qxb7 Rb8 33. Qa7 Qe5 34. Nd3 Qh2+ 35. Kf1 Rxb3 36. Qa8+ Kh7 37. Qxd5 1-0

[Event "Grand Prix Romania 1st Stage 2024"]
[Site "Bucuresti"]
[Date "2024.03.24"]
[Round "10.31"]
[White "Manea, Alexandru"]
[Black "Prelipcean, Eric-Matei"]
[Result "1-0"]
[WhiteElo "2287"]
[BlackElo "2103"]
[Annotator "RC"]
[PlyCount "79"]
[EventDate "2024.03.20"]
[EventType "swiss"]
[EventCountry "ROU"]
[SourceTitle "playchess.com"]
[Source "ChessBase"]
[SourceQuality "1"]

1. c4 Nf6 2. a3 g6 3. h4 h5 4. d4 Bg7 5. Nc3 d5 6. Bg5 Ne4 7. cxd5 Nxc3 8. bxc3 Qxd5 9. e3 Qa5 10. Qd2 c5 11. Nf3 Nc6 12. Be2 f6 13. Bf4 e5 14. Bg3 Bg4 15. d5 Rd8 16. c4 e4 17. Qxa5 Nxa5 18. Nd2 b5 19. Bc7 Bxe2 20. Kxe2 bxc4 21. Bxa5 Rxd5 22. Nxc4 f5 23. Rad1 Rxd1 24. Rxd1 O-O 25. Rd8 Bf6 26. Rxf8+ Kxf8 27. g3 Ke7 28. Kd2 Ke6 29. Bc3 Bd8 30. Ne5 Kd5 31. Nxg6 Kc4 32. Kc2 Kb5 33. Nf4 Ka4 34. Nxh5 Kxa3 35. Nf4 Be7 36. Ne6 a5 37. h5 f4 38. exf4 e3 39. fxe3 a4 40. h6 1-0

[Event "Grand Prix Romania 1st Stage 2024"]
[Site "Bucuresti"]
[Date "2024.03.24"]
[Round "10.32"]
[White "Antonica, Dragos-Andrei"]
[Black "Filip, Andrei"]
[Result "0-1"]
[WhiteElo "2366"]
[BlackElo "2289"]
[Annotator "RC"]
[PlyCount "172"]
[EventDate "2024.03.20"]
[EventType "swiss"]
[EventCountry "ROU"]
[SourceTitle "playchess.com"]
[Source "ChessBase"]
[SourceQuality "1"]

1. c4 Nf6 2. Nc3 c5 3. g3 g6 4. Bg2 Bg7 5. e3 O-O 6. Nge2 d6 7. d4 Nc6 8. dxc5 dxc5 9. Bxc6 bxc6 10. Qxd8 Rxd8 11. f3 Nd7 12. f4 Nb6 13. b3 Bg4 14. Bd2 Rd3 15. Rc1 Rad8 16. Rc2 Bf5 17. e4 Bg4 18. h3 Bf3 19. Rh2 h5 20. e5 h4 21. g4 Bxe2 22. Kxe2 g5 23. Ne4 gxf4 24. Bxf4 R3d4 25. Ke3 Rd3+ 26. Ke2 R3d4 27. Ke3 Nd7 28. Rhd2 Nxe5 29. Nxc5 Ng6 30. Ne4 Nxf4 31. Kxf4 Rd3 32. Rxd3 Rxd3 33. Rd2 Rxh3 34. Rd8+ Bf8 35. Kg5 Re3 36. Nf2 h3 37. Kf4 Rc3 38. Rd1 h2 39. Rh1 e6 40. Ne4 Rc2 41. c5 Rxa2 42. Kg3 Re2 43. Kf3 Rc2 44. Kg3 Bxc5 45. Rxh2 Rxh2 46. Kxh2 Be7 47. Kg3 Kf8 48. Kf4 Ke8 49. Nd2 Bd6+ 50. Kg5 Ke7 51. Nc4 Bc7 52. Nd2 Bb6 53. Nc4 Bd4 54. Kf4 Bc3 55. Ke4 f6 56. Kf4 Bb4 57. Ke4 Kf7 58. Nb2 Kg6 59. Nd3 Bd6 60. Kf3 Kf7 61. Ke4 Ke7 62. Nb2 Kf7 63. Nc4 Bb4 64. Nb2 Kg6 65. Nd3 Bd6 66. Kf3 Kg5 67. Nf2 f5 68. gxf5 Kxf5 69. Ne4 Be7 70. Ke3 Ke5 71. Kd3 Kd5 72. Nd2 Kc5 73. Ne4+ Kb4 74. Kc2 c5 75. Nd2 e5 76. Ne4 c4 77. bxc4 Kxc4 78. Nc3 Bb4 79. Ne2 e4 80. Ng3 e3 81. Kd1 Kd3 82. Ne2 a5 83. Nc1+ Kc3 84. Ke2 Bc5 85. Nd3 Bd4 86. Ne1 a4 0-1

[Event "Grand Prix Romania 1st Stage 2024"]
[Site "Bucuresti"]
[Date "2024.03.24"]
[Round "10.33"]
[White "Antal, Hunor-Zoltan"]
[Black "Cebotari, Stanislav"]
[Result "0-1"]
[WhiteElo "2272"]
[BlackElo "2075"]
[Annotator "RC"]
[PlyCount "88"]
[EventDate "2024.03.20"]
[EventType "swiss"]
[EventCountry "ROU"]
[SourceTitle "playchess.com"]
[Source "ChessBase"]
[SourceQuality "1"]

1. c4 Nf6 2. Nf3 d6 3. Nc3 g6 4. d4 Bg7 5. e4 O-O 6. h3 Nbd7 7. Bd3 e5 8. d5 Nc5 9. Bc2 a5 10. O-O Nh5 11. Re1 Nf4 12. Be3 b6 13. a3 Qf6 14. Nb5 Qd8 15. Bxf4 exf4 16. Nbd4 Bb7 17. b4 Nd7 18. Qd2 Qf6 19. Ba4 Ne5 20. Nxe5 Qxe5 21. Nc6 Qc3 22. Qe2 axb4 23. axb4 Bxc6 24. Rac1 Bxa4 25. Rxc3 Bxc3 26. Rb1 Bd7 27. Qc2 Bd4 28. Qd2 Be5 29. g3 g5 30. c5 bxc5 31. bxc5 dxc5 32. h4 h6 33. hxg5 hxg5 34. Rc1 f6 35. Kg2 fxg3 36. Rxc5 gxf2 37. Kxf2 Ra4 38. d6 cxd6 39. Rc7 Be6 40. Qc1 Ra2+ 41. Kf3 Rb8 42. Rc2 Rb3+ 43. Ke2 Rxc2+ 44. Qxc2 Rb2 0-1

[Event "Grand Prix Romania 1st Stage 2024"]
[Site "Bucuresti"]
[Date "2024.03.24"]
[Round "10.34"]
[White "Dobre, Claudiu-Cristian"]
[Black "Barbu, Simon-Alexandru"]
[Result "1/2-1/2"]
[WhiteElo "2259"]
[BlackElo "1998"]
[Annotator "RC"]
[PlyCount "156"]
[EventDate "2024.03.20"]
[EventType "swiss"]
[EventCountry "ROU"]
[SourceTitle "playchess.com"]
[Source "ChessBase"]
[SourceQuality "1"]

1. d4 Nf6 2. Nf3 g6 3. c4 c5 4. Nc3 cxd4 5. Nxd4 Nc6 6. e4 d6 7. f3 Nxd4 8. Qxd4 Bg7 9. Be3 O-O 10. Qd2 a5 11. Bd3 a4 12. O-O Qa5 13. Rfc1 Be6 14. Rab1 Rfc8 15. b4 axb3 16. axb3 Nd7 17. b4 Qd8 18. Nd5 Ra3 19. Bf1 Bxd5 20. exd5 Rca8 21. c5 Ra2 22. Rc2 Rxc2 23. Qxc2 Nf6 24. c6 Nxd5 25. cxb7 Rb8 26. Bf2 Rxb7 27. Qc6 Rxb4 28. Rxb4 Nxb4 29. Qb7 Nc2 30. Bd3 Nd4 31. Qd5 Ne6 32. Bc4 Qb8 33. g3 Qb1+ 34. Kg2 h5 35. h4 Qf5 36. Qa8+ Nf8 37. Qe8 e6 38. Qd8 d5 39. Bb5 Qf6 40. Qc8 Qb2 41. Qc5 Qc3 42. Qe7 Bf6 43. Qa7 Qb2 44. Be8 Bg7 45. Qxf7+ Kh8 46. Bd7 Qf6 47. Qe8 Kh7 48. Bb5 e5 49. Bd3 Qe6 50. Qa8 Nd7 51. Qc8 Qe7 52. Be3 e4 53. fxe4 dxe4 54. Bc4 Nf8 55. Qc6 Qe5 56. Bd5 Qb2+ 57. Kg1 Qb1+ 58. Kg2 Qb2+ 59. Kh3 Qe2 60. Bf4 Qf1+ 61. Kh2 e3 62. Bg2 Qf2 63. Qc5 Ne6 64. Qxe3 Qxe3 65. Bxe3 Be5 66. Kh3 Ng7 67. g4 hxg4+ 68. Kxg4 Nf5 69. Bd2 Nh6+ 70. Kf3 Nf5 71. Bg5 Bg3 72. Kg4 Be1 73. Be4 Nh6+ 74. Kf3 Kg7 75. Be3 Bxh4 76. Bxh6+ Kxh6 77. Kg4 Bd8 78. Bxg6 Kg7 1/2-1/2

[Event "Grand Prix Romania 1st Stage 2024"]
[Site "Bucuresti"]
[Date "2024.03.24"]
[Round "10.35"]
[White "Veress, Armand"]
[Black "Lauda, Alexandr"]
[Result "1-0"]
[WhiteElo "2098"]
[BlackElo "2198"]
[Annotator "RC"]
[PlyCount "151"]
[EventDate "2024.03.20"]
[EventType "swiss"]
[EventCountry "ROU"]
[SourceTitle "playchess.com"]
[Source "ChessBase"]
[SourceQuality "1"]

1. e4 c5 2. Nf3 Nc6 3. Bb5 g5 4. Bxc6 dxc6 5. Nxg5 Nf6 6. d3 Rg8 7. e5 h6 8. Nxf7 Qd5 9. Qf3 Rxg2 10. Qxd5 Nxd5 11. e6 Bxe6 12. Ne5 Bg7 13. Nc4 Bd4 14. Be3 Bxe3 15. fxe3 b5 16. e4 bxc4 17. exd5 Bxd5 18. dxc4 Bxc4 19. Na3 Bd5 20. O-O-O O-O-O 21. Rhe1 Bf3 22. Rxd8+ Kxd8 23. Re3 Bg4 24. h3 Bf5 25. Rc3 Kd7 26. Rxc5 e6 27. Ra5 Bxh3 28. Nc4 Ke7 29. Rxa7+ Kf6 30. a4 Re2 31. b4 Re4 32. Rf7+ Kg6 33. Rf3 Bg4 34. Rc3 e5 35. a5 Be6 36. Nd2 Rxb4 37. Rxc6 Kf5 38. a6 Ra4 39. Nb3 Bd5 40. Rxh6 Bc4 41. Nc5 Ra5 42. Nb7 Rxa6 43. Rd6 Ra1+ 44. Kd2 Bb5 45. Rd8 Bc6 46. Nd6+ Ke6 47. Nc4 Rh1 48. Rd6+ Kf5 49. Rxc6 e4 50. Ne3+ Ke5 51. Rc5+ Kf4 52. Rf5+ Kg3 53. c4 Rh8 54. c5 Rd8+ 55. Ke2 Ra8 56. Nd5 Kg4 57. Rf4+ Kg5 58. Rxe4 Kf5 59. Rc4 Ke5 60. Nc3 Rc8 61. Kd3 Ke6 62. Re4+ Kd7 63. Kc4 Rg8 64. Kd5 Rg5+ 65. Re5 Rg2 66. c6+ Kd8 67. Kd6 Rg7 68. Nd5 Rd7+ 69. Kc5 Rh7 70. Rg5 Rh8 71. Rg6 Re8 72. Rg7 Kc8 73. Rc7+ Kb8 74. Rb7+ Kc8 75. Nb6+ Kd8 76. Rd7# 1-0

[Event "Grand Prix Romania 1st Stage 2024"]
[Site "Bucuresti"]
[Date "2024.03.24"]
[Round "10.36"]
[White "Patrascu, Catalin-Lucian"]
[Black "Kondort, Mihai"]
[Result "1-0"]
[WhiteElo "2298"]
[BlackElo "2023"]
[Annotator "RC"]
[PlyCount "87"]
[EventDate "2024.03.20"]
[EventType "swiss"]
[EventCountry "ROU"]
[SourceTitle "playchess.com"]
[Source "ChessBase"]
[SourceQuality "1"]

1. e4 c5 2. Nf3 d6 3. d4 cxd4 4. Nxd4 Nf6 5. Nc3 a6 6. Be3 Ng4 7. Bc1 Nf6 8. f3 e5 9. Nb3 Be6 10. Be3 Be7 11. Qd2 h5 12. Nd5 Nxd5 13. exd5 Bf5 14. Be2 Bh4+ 15. g3 Bf6 16. Na5 Qc7 17. Qb4 b5 18. c4 Bd8 19. Nb3 a5 20. Qc3 a4 21. Nd2 bxc4 22. Nxc4 Nd7 23. O-O O-O 24. Rac1 Bf6 25. Qa3 Bh3 26. Rfd1 Qb8 27. Qxd6 Re8 28. Qxb8 Rexb8 29. Rd2 Bf5 30. Nd6 Bg6 31. Rc7 Nb6 32. Ne4 Bd8 33. Rc6 Nd7 34. d6 f6 35. Rc7 Bf5 36. Bc4+ Kf8 37. Nc5 Ke8 38. Ne6 Bxc7 39. dxc7 Rb4 40. Nxg7+ Kf8 41. Nxf5 Rxc4 42. Rxd7 Ke8 43. Re7+ Kf8 44. Bh6+ 1-0

[Event "Grand Prix Romania 1st Stage 2024"]
[Site "Bucuresti"]
[Date "2024.03.24"]
[Round "10.37"]
[White "Gilea, Lucian"]
[Black "Petrescu, Georgian-Dorin"]
[Result "1-0"]
[WhiteElo "2277"]
[BlackElo "2064"]
[Annotator "RC"]
[PlyCount "117"]
[EventDate "2024.03.20"]
[EventType "swiss"]
[EventCountry "ROU"]
[SourceTitle "playchess.com"]
[Source "ChessBase"]
[SourceQuality "1"]

1. d4 Nf6 2. c4 g6 3. Nc3 Bg7 4. Nf3 d6 5. Bf4 O-O 6. h3 Nbd7 7. e3 c5 8. Be2 b6 9. O-O Bb7 10. Qc2 Nh5 11. Bh2 Kh8 12. Rad1 Rc8 13. b3 a6 14. dxc5 Nxc5 15. Nd4 Nf6 16. b4 Nce4 17. Nxe4 Nxe4 18. Bf3 Bxd4 19. Bxe4 Bxe4 20. Qxe4 Bg7 21. Rc1 Qd7 22. Rfd1 f5 23. Qb1 Qa4 24. Bg3 Rc6 25. b5 Rxc4 26. bxa6 Qxa6 27. Rxc4 Qxc4 28. Rc1 Qa4 29. h4 Bf6 30. h5 g5 31. Qxf5 Qxa2 32. h6 Qf7 33. Rb1 Qh5 34. Rxb6 Qxh6 35. Rc6 Qg7 36. Qd7 h5 37. f3 Be5 38. Bf2 g4 39. f4 g3 40. Be1 Bf6 41. Rc8 Qg8 42. Rxf8 Qxf8 43. Bxg3 Qg7 44. Qe8+ Kh7 45. Qxh5+ Kg8 46. Kf2 Bc3 47. Bh4 Kf8 48. Qf5+ Kg8 49. Qe6+ Kf8 50. g4 Bb4 51. Qf5+ Kg8 52. Qd5+ Kh7 53. Qe4+ Qg6 54. Qxb4 Qxg4 55. Qe4+ Kg8 56. Bxe7 Kf7 57. Bg5 Qd1 58. Qc4+ d5 59. Qc7+ 1-0

[Event "Grand Prix Romania 1st Stage 2024"]
[Site "Bucuresti"]
[Date "2024.03.24"]
[Round "10.38"]
[White "Sandor, Petrut"]
[Black "Nagy, Janos-Nandor"]
[Result "0-1"]
[WhiteElo "2099"]
[BlackElo "1942"]
[Annotator "RC"]
[PlyCount "112"]
[EventDate "2024.03.20"]
[EventType "swiss"]
[EventCountry "ROU"]
[SourceTitle "playchess.com"]
[Source "ChessBase"]
[SourceQuality "1"]

1. e4 c6 2. d4 d5 3. exd5 cxd5 4. Bd3 Nc6 5. c3 Qc7 6. f4 g6 7. Nf3 Bf5 8. O-O Nf6 9. Bxf5 gxf5 10. Ne5 e6 11. Kh1 h5 12. Be3 Bd6 13. Nd2 O-O-O 14. Qa4 Kb8 15. b4 Ne4 16. Nxc6+ Qxc6 17. Qxc6 bxc6 18. Nxe4 fxe4 19. f5 e5 20. f6 Rde8 21. Rf5 a6 22. Raf1 Kc7 23. a3 Kd7 24. g3 exd4 25. cxd4 Reg8 26. Bg5 Rb8 27. Bd2 a5 28. Rb1 axb4 29. axb4 Ke6 30. Rf2 Rhg8 31. Be1 Rg6 32. Rc2 Rb6 33. Rf2 Rxf6 34. Rxf6+ Kxf6 35. Kg2 Ke6 36. Bd2 f5 37. Kf2 Ra6 38. Rb2 h4 39. Rb3 Ra2 40. Ke1 Ra1+ 41. Kf2 h3 42. Be1 Ra2+ 43. Kg1 Rg2+ 44. Kh1 Re2 45. Rb1 e3 46. Kg1 Rg2+ 47. Kh1 Rc2 48. Kg1 f4 49. gxf4 Kf5 50. b5 cxb5 51. Rxb5 Ke4 52. Rb1 Bxf4 53. Kh1 Rxh2+ 54. Kg1 Rg2+ 55. Kh1 Rc2 56. Bh4 e2 0-1

[Event "Grand Prix Romania 1st Stage 2024"]
[Site "Bucuresti"]
[Date "2024.03.24"]
[Round "10.39"]
[White "Buzbuchi, Ionut"]
[Black "Arba, Constantin-Andrei"]
[Result "1-0"]
[WhiteElo "2035"]
[BlackElo "1924"]
[Annotator "RC"]
[PlyCount "77"]
[EventDate "2024.03.20"]
[EventType "swiss"]
[EventCountry "ROU"]
[SourceTitle "playchess.com"]
[Source "ChessBase"]
[SourceQuality "1"]

1. Nf3 d5 2. g3 c5 3. Bg2 Nc6 4. O-O Nf6 5. d3 g6 6. Nbd2 Bg7 7. e4 Bg4 8. h3 Bxf3 9. Qxf3 Ne5 10. Qe2 d4 11. f4 Nc6 12. a4 e5 13. Nc4 Nh5 14. Qf2 exf4 15. gxf4 O-O 16. Bf3 Nf6 17. Qg2 Nd7 18. Nd6 Qc7 19. e5 Rad8 20. Nxb7 Qxb7 21. Bxc6 Qc7 22. Bd2 Rc8 23. Bd5 Nb6 24. Be4 c4 25. Bb4 Rfe8 26. Bd6 Qd7 27. a5 Na4 28. Bd5 Nxb2 29. Rab1 c3 30. f5 Bxe5 31. fxg6 Qxd6 32. gxf7+ Kh8 33. fxe8=Q+ Rxe8 34. Rf5 Rd8 35. Rbf1 Bg7 36. Rg5 Qh6 37. Rf7 Bf6 38. Rxf6 Qxf6 39. Rg8+ 1-0